LEADER 01452nam a2200301 i 4500 001 000000159283 003 CaOOAMICUS 005 20181019162634.0 008 070222s2007 it u000 u ita u 013 $a136646 020 $a978-88-215-5833-7 040 $aSeMil$bita 100 1 $aPerrella, Salvatore Maria,$c.$0(OLS)http://semarc/name/23811 245 13$aLe apparizioni mariane :$bdono per la fede e sfida per la ragione : segno, presenza e mediazione della Vergine glorificata nella nostra storia /$cSalvatore M. Perrella. 260 $aCinisello Balsamo :$bSan Paolo,$c2007. 300 $a219 p. ;$c21 cm. 490 0 $aAlma Mater. Mariologia postconciliare [San Paolo] ;$v27 500 $aContiene : Bibliografia. 650 4$aMadonna - Apparizioni.$0(OLS)http://semarc/subject/7268 650 4$aMariologia.$0(OLS)http://semarc/subject/451 830 0$aAlma Mater ;$v27.$0(OLS)http://semarc/title/419335 850 $aSeMil 852 $aSeMil$W1$xVenegono$y1$m2L II 79$j110841$B110841$CSeMilBibl$Z2$F120445 $81 961 $aOmaggio: Altro 996 $6020$a978-88-215-5833-7$9(OLS)http://semarc/number/74849 996 $6245$aLe apparizioni mariane :$bdono per la fede e sfida per la ragione : segno, presenza e mediazione della Vergine glorificata nella nostra storia$9(OLS)http://semarc/title/141161 996 $6260$aCinisello Balsamo :$bSan Paolo$9(OLS)http://semarc/publisher/30129 LEADER 00887nab a2200145 i 4500 001 000000280132 003 CaOOAMICUS 005 20131010000000.0 008 131010n xx uu u0 0und r 013 $a31938 040 $aSeMil$bita 245 10$aAll'inizio l'amore ; Pastorale di iniziazione :$bBattesimo, [parte] 1 ; Nuovi movimenti e comunità ecclesiali ; Il Documento Base ; La Koinonia Giovanni Battista. - 80 p. - In 2. di cop. : Anno 84 [i.e. 83]. - Titoli principali dalla copertina. 500 $aSETTEMBRE-OTTOBRE 2013. 773 0 $t[2013-2014].$dLeumann (Torino) : Elledici, 2013-2014.$w()224932 996 $6245$aAll'inizio l'amore ; Pastorale di iniziazione :$bBattesimo, [parte] 1 ; Nuovi movimenti e comunità ecclesiali ; Il Documento Base ; La Koinonia Giovanni Battista. - 80 p. - In 2. di cop. : Anno 84 [i.e. 83]. - Titoli principali dalla copertina.$9(OLS)http://semarc/title/363361